000 00400pab a2200157 454500
008 180718b1998 xxu||||| |||| 00| 0 eng d
100 _aAcharya, Debashis
245 _aMonetary aggregation: a survey of major issues and evidences
260 _c1998
300 _ap.396-430
362 _aDec
650 _aMonetary policy
700 _aKamaiah, Bandi
773 _aArtha Vijnana
909 _a40394
999 _c40394
_d40394